Entry Personal Name
Number of records used in: 2
001 - CONTROL NUMBER
003 - CONTROL NUMBER IDENTIFIER
005 - DATE AND TIME OF LATEST TRANSACTION
- control field:
20191125121635.0
008 - FIXED-LENGTH DATA ELEMENTS
- fixed length control field:
811109n| acannaabn |n aaa
010 ## - LIBRARY OF CONGRESS CONTROL NUMBER
- LC control number:
n 81077022
035 ## - SYSTEM CONTROL NUMBER
- System control number:
(OCoLC)oca00622302
040 ## - CATALOGING SOURCE
- Original cataloging agency:
DLC
- Language of cataloging:
eng
- Transcribing agency:
DLC
- Modifying agency:
DLC
- Modifying agency:
OCoLC
- Modifying agency:
IEN
046 ## - SPECIAL CODED DATES
053 #0 - LC CLASSIFICATION NUMBER
- Classification number element--single number or beginning number of span:
PK2030.6.N3
100 0# - HEADING--PERSONAL NAME
670 ## - SOURCE DATA FOUND
- Source citation:
His Indian literature, 1959.
670 ## - SOURCE DATA FOUND
- Source citation:
Info. converted from 678, 2012-10-02
- Information found:
(b. 1915)